00274pam a2200109 a 4500020002000000041000500020082001700025100002700042245006000069260002600129300000900155 a9781437716153c h a616.128bBRE aBredikis Audrius J. . aCryoablation of Cardiac Arrhythmias hTextual Documents bElsevier, Pub.c2011 a241.